000 00445nam a2200157Ia 4500
005 20240405030701.0
008 240331s9999 xx 000 0 und d
020 _a0415109116
082 _bCAL
_a330.01
100 _aCaldwell, Bruce .J
245 0 _aBeyond positivism :
_beconomic metodology in the twentieth century
_cBrue j. Caldwell
260 _aLondon :
_bRoutledge /
_c1994.
300 _axviii, 279 p .,
650 _aEconomic
942 _cL
999 _c2566
_d2566